000 00563nam a2200169Ia 4500
008 090201s9999 xx 000 0 und d
010 _aKPL-39050
040 _bमराठी
041 _aमराठी
082 _a22131
_b39050
100 _aके. अ. साठे
245 _aप्राप्तीकराशी मैत्री
_cके. अ. साठे
260 _c2004
_bकौशिक प्रकाशन
300 _a482
_bलहान
600 _aप्राप्तीकराशी मैत्री
942 _cBOOK
999 _c221697
_d221697